000 00648nam a2200241 i 4500
001 C2-0334547
003 PPAK
005 20180728134329.0
008 151108s2015 my |||| ||||| | may d
020 _a9789834615956
040 _aPPAK
_beng
_cPPAK
_erda
082 0 4 _a899.233
_223
090 0 0 _a899.233
_bRAD
_dG
100 0 _aRadzemah Bolhassan,
_d1975-
_eauthor
245 1 0 _aSimpang 302
264 1 _aKuala Lumpur :
_bDewan Bahasa dan Pustaka ,
_c2015
300 _a206 pages ;
_c18 cm
336 _2rdacontent
_atext
337 _2rdamedia
_aunmediated
338 _2rdacarrier
_avolume
650 1 0 _aMalay fiction.
942 _ddc
_cB
999 _c133013
_d133013